Central Library, Doon University
WEBOPAC (ONLINE PUBLIC ACCESS CATALOGUE)

Coordination Chemistry (Record no. 59480)

MARC details
000 -LEADER
fixed length control field 00458nam a22001937a 4500
005 - DATE & TIME
control field 20250318115909.0
008 - FIXED-LENGTH DATA ELEMENTS--GENERAL INFORMATION
fixed length control field 250318b |||||||| |||| 00| 0 eng d
020 ## - ISBN
International Standard Book Number 9788193043707
Price 575.00
040 ## - CATALOGING SOURCE
Original cataloging agency Doon University
041 ## - Language
Language English
082 ## - DDC NUMBER
Classification number 543.085
Book Number AJA
100 ## - MAIN ENTRY--PERSONAL NAME
Personal name Ajai, Kumar
245 ## - TITLE STATEMENT
Title Coordination Chemistry
250 ## - EDITION STATEMENT
Edition statement 8th
260 ## - PUBLICATION, DISTRIBUTION, ETC. (IMPRINT)
Place of publication, distribution, etc Uttar Pradesh
Name of publisher, distributor, etc Aaryush
Date of publication, distribution, etc 2024
300 ## - PHYSICAL DESCRIPTION
Pages V.P.
650 ## - Subject
Subject Chemistry
942 ## - ADDED ENTRY ELEMENTS (KOHA)
Koha item type Books
100 ## - MAIN ENTRY--PERSONAL NAME
-- 25369
952 ## - LOCATION AND ITEM INFORMATION (KOHA)
-- 2025-03-18
952 ## - LOCATION AND ITEM INFORMATION (KOHA)
-- 2026-02-26
-- 2025-03-18
952 ## - LOCATION AND ITEM INFORMATION (KOHA)
-- 2
-- 2026-02-24
-- 2025-03-18
952 ## - LOCATION AND ITEM INFORMATION (KOHA)
-- 2026-03-09
-- 2025-03-18
952 ## - LOCATION AND ITEM INFORMATION (KOHA)
-- 2026-02-26
-- 2025-03-18
952 ## - LOCATION AND ITEM INFORMATION (KOHA)
-- 2026-02-12
-- 2025-03-18
952 ## - LOCATION AND ITEM INFORMATION (KOHA)
-- 1
-- 2026-04-20
-- 2025-03-18
952 ## - LOCATION AND ITEM INFORMATION (KOHA)
-- 2026-03-12
-- 2025-03-18
952 ## - LOCATION AND ITEM INFORMATION (KOHA)
-- 2026-03-09
-- 2025-03-18
952 ## - LOCATION AND ITEM INFORMATION (KOHA)
-- 2026-03-06
-- 2025-03-18
952 ## - LOCATION AND ITEM INFORMATION (KOHA)
-- 2026-02-17
952 ## - LOCATION AND ITEM INFORMATION (KOHA)
-- 2026-02-17
952 ## - LOCATION AND ITEM INFORMATION (KOHA)
-- 2026-02-17
952 ## - LOCATION AND ITEM INFORMATION (KOHA)
-- 2026-02-17
952 ## - LOCATION AND ITEM INFORMATION (KOHA)
-- 2026-02-17
Holdings
Withdrawn status Lost status Source of classification or shelving scheme Damaged status Not for loan Location (home branch) Sublocation or collection (holding branch) Date acquired Koha full call number Accession No. Koha date last seen Koha item type Koha issues (times borrowed)
        Not For Loan Doon University Doon University 18.03.2025 543.085 AJA 50245 18.03.2025 Reference  
          Doon University Doon University 18.03.2025 543.085 AJA 50246 13.03.2026 Books 2
          Doon University Doon University 18.03.2025 543.085 AJA 50247 11.03.2026 Books 2
          Doon University Doon University 18.03.2025 543.085 AJA 50248 24.03.2026 Books 3
          Doon University Doon University 18.03.2025 543.085 AJA 50249 12.03.2026 Books 3
          Doon University Doon University 18.03.2025 543.085 AJA 50250 11.03.2026 Books 2
          Doon University Doon University 18.03.2025 543.085 AJA 50251 05.05.2026 Books 2
          Doon University Doon University 18.03.2025 543.085 AJA 50252 20.04.2026 Books 4
          Doon University Doon University 18.03.2025 543.085 AJA 50253 11.03.2026 Books 3
          Doon University Doon University 18.03.2025 543.085 AJA 50254 12.03.2026 Books 3
          Doon University Doon University 17.02.2026 543.085 AJA 52701 17.02.2026 Books  
          Doon University Doon University 17.02.2026 543.085 AJA 52702 17.02.2026 Books  
          Doon University Doon University 17.02.2026 543.085 AJA 52703 17.02.2026 Books  
          Doon University Doon University 17.02.2026 543.085 AJA 52704 17.02.2026 Books  
          Doon University Doon University 17.02.2026 543.085 AJA 52705 17.02.2026 Books  
Contact : +91-135-2533126 (Library),+91-135-2533105 (Admin Office) , Email : doonlibrary@gmail.com

Powered by Koha